| 000 | 00343nam a22001217a 4500 | ||
|---|---|---|---|
| 999 |
_c1582 _d1582 |
||
| 005 | 20200902100106.0 | ||
| 008 | 200902b ||||| |||| 00| 0 eng d | ||
| 020 | _a0717542359 | ||
| 040 | _cCML | ||
| 245 |
_aIntroducing Genetics. _cJones, R.N. |
||
| 260 |
_aLondon _bJohn Murray _c1986 |
||
| 942 |
_2ddc _cBK _e1st Edition _h575 _mJON |
||